The supremacy of God in preaching / (Record no. 11122)

MARC details
000 -LEADER
fixed length control field 00961cam a2200301 i 4500
001 - CONTROL NUMBER
control field 18262478
003 - CONTROL NUMBER IDENTIFIER
control field GBCCL
005 - DATE AND TIME OF LATEST TRANSACTION
control field 20260112145825.0
008 - FIXED-LENGTH DATA ELEMENTS--GENERAL INFORMATION
fixed length control field 140811s2015 miu b 001 0 eng
020 ## - INTERNATIONAL STANDARD BOOK NUMBER
International Standard Book Number 9788195676484
020 ## - INTERNATIONAL STANDARD BOOK NUMBER
International Standard Book Number 9788195707362
035 ## - SYSTEM CONTROL NUMBER
System control number 18262478
040 ## - CATALOGING SOURCE
Original cataloging agency DLC
Language of cataloging eng
Transcribing agency DLC
Description conventions rda
Modifying agency DLC
082 00 - DEWEY DECIMAL CLASSIFICATION NUMBER
Classification number 251
Edition information 23
Item number PIP 1
100 1# - MAIN ENTRY--PERSONAL NAME
Personal name Piper, John,
Dates associated with a name 1946-
245 14 - TITLE STATEMENT
Title The supremacy of God in preaching /
Statement of responsibility, etc. John Piper.
250 ## - EDITION STATEMENT
Edition statement Revised and expanded edition.
250 ## - EDITION STATEMENT
Edition statement first Indian ed.
264 #1 - PRODUCTION, PUBLICATION, DISTRIBUTION, MANUFACTURE, AND COPYRIGHT NOTICE
Place of production, publication, distribution, manufacture Delhi :
Name of producer, publisher, distributor, manufacturer For the truth press,
Date of production, publication, distribution, manufacture, or copyright notice 2022, [2015]
300 ## - PHYSICAL DESCRIPTION
Extent 167 pages ;
Dimensions 22 cm
504 ## - BIBLIOGRAPHY, ETC. NOTE
Bibliography, etc. note Includes bibliographical references and index.
600 10 - SUBJECT ADDED ENTRY--PERSONAL NAME
Personal name Edwards, Jonathan,
Dates associated with a name 1703-1758.
650 #0 - SUBJECT ADDED ENTRY--TOPICAL TERM
Topical term or geographic name entry element Preaching.
650 #0 - SUBJECT ADDED ENTRY--TOPICAL TERM
Topical term or geographic name entry element Clergy
General subdivision Religious life.
906 ## - LOCAL DATA ELEMENT F, LDF (RLIN)
a 7
b cbc
c orignew
d 1
e ecip
f 20
g y-gencatlg
942 ## - ADDED ENTRY ELEMENTS (KOHA)
Source of classification or shelving scheme Dewey Decimal Classification
Koha item type Books
Suppress in OPAC No
Holdings
Withdrawn status Lost status Source of classification or shelving scheme Damaged status Not for loan Home library Current Library Shelving location Date acquired Total checkouts Full call number Barcode Date last seen Copy number Price effective from Koha item type
    Dewey Decimal Classification     GRACE BIBLE COLLEGE GRACE BIBLE COLLEGE Ministry & Mission 2026-01-12   251 PIP 017408 2026-01-12 c.1 2026-01-12 Books
© Grace Bible College Library 2025